000 00322nam a2200133Ia 4500
008 190216s9999||||xx |||||||||||||| ||und||
100 _aRamavarma. Kt
245 0 _aSubsidiary Chemistry 1
250 _a1st Ed.
260 _bKerala Bhasha Institute
_c1973
300 _a675
650 _aChemistry-Chemistry
942 _cBK
999 _c40505
_d40505